000 00303nam a22001337a 4500
008 171018b xxu||||| |||| 00| 0 eng d
020 _a9789928050083
041 _aalb
080 _a338
100 _a53
101 _aMEN
245 _aSHKRIMI I TEZËS DHE DISERTACIONIT
_cHOXHAJ,A
942 _2udc
_cBK
999 _c34659
_d34659